000 00339nam a22001217a 4500
082 _a004.67
_bPEA
_cN-1, P-43
245 _aDiscover the internet
_cPfaffenberger, Bryan
260 _aIndia
_bIDG Books
_c1997
300 _axxxi, 481 p.:
_bill.;
_c24 cm.
526 _a0
_b0
_c0
_d004_670000000000000_PEA
650 _aMCE
_9379
942 _2ddc
_cBK
999 _c541606
_d541606